| 000 | 00568nam a2200205Ia 4500 | ||
|---|---|---|---|
| 001 | 13636 | ||
| 003 | IVS | ||
| 005 | 20250626030857.0 | ||
| 008 | 211022s9999 xx 000 0 und d | ||
| 040 | _cIVS | ||
| 082 | _a729 NEH | ||
| 100 | _aNehal Yasin | ||
| 245 | 4 | _aThe Incorporation of Youth Spaces within a Public Setting. | |
| 260 | _aKarachi | ||
| 260 | _bIndus Valley School of Art & Architecture | ||
| 260 | _c2018 | ||
| 300 | _a97 | ||
| 856 | _uhttps://drive.google.com/file/d/1Cz4I9qA2sJ_uVa8ViYIbMwHXE0c_N2CO/view?usp=sharing | ||
| 942 |
_cDISS _n0 _2ddc |
||
| 999 |
_c13515 _d13515 |
||